00608nam a2200169 i 450000100060000000300090000600500170001500700030003200800410003510000320007624500910010826000380019930000300023785200320026799900170029995201220031665415ES-MaACL20230906165350.0t|040113s1969 sp ||||1| spa d1 aFrescaroli, Antonio.95253013aLa gestapo b: atrocidades y secretos de la inquisición nazi / cAntonio Frescaroli. aBarcelona : bDe Vecchi, c[1969] a791 p. : bil. ; c25 cm. aES-MaACLjC-37406 bR.72074 c65415d65415 00104070aATENEOMbATENEOMcDEPO2d2008-01-17eSCl0oC-37406p1068536r2023-02-23 00:00:00w2023-02-23yMONOGRAFIA